000
00322nam a22001337a 4500
020
_a
9788172335618
082
_a
630.51
_b
DHA/FU
100
_a
Dhamu, K.P
245
_a
Fundamentals of Agricultural statistics
260
_a
Jodhpur
_b
Scientific Publishers
_c
2009
300
_a
130
700
_a
Ramamoorthy, K
942
_c
BK
999
_c
13723
_d
13723